[Event "CZE-ch U12"]
[Site "Teplice"]
[Date "2023.03.12"]
[Round "2"]
[White "Rudlof, Adam"]
[Black "Mazurek, Richard"]
[Result "1-0"]
[WhiteElo "1409"]
[BlackElo "1137"]
[PlyCount "57"]
[EventDate "2023.03.11"]
[EventType "swiss"]
[EventRounds "9"]
[EventCountry "CZE"]
[SourceTitle "CBM 213 Extra"]
[Source "ChessBase"]
[SourceDate "2023.05.31"]
[SourceVersion "1"]
[SourceVersionDate "2023.05.31"]
[SourceQuality "1"]

1. e4 e6 2. d4 d5 3. Nc3 Bb4 4. a3 Bxc3+ 5. bxc3 Ne7 6. exd5 exd5 7. Bd3 c5 8. dxc5 Qa5 9. Ne2 Qxc5 10. Be3 Qc7 11. 0-0 0-0 12. Qd2 Nbc6 13. Nf4 Rd8 14. Rfe1 Nf5 15. Rad1 Nfe7 16. Bc5 b6 17. Bxe7 Nxe7 18. Qe3 Ng6 19. Bxg6 hxg6 20. Nxd5 Rxd5 21. Rxd5 Bb7 22. Rd4 Qc6 23. Qh3 Qc5 24. Rh4 f5 25. Rh8+ Kf7 26. Rxa8 Bxa8 27. Qe3 Qd5 28. Qe8+ Kf6 29. Qe7# 1-0